<?xml version="1.0" encoding="UTF-8"?>
<collection xmlns="http://www.loc.gov/MARC21/slim">
<record>
  <controlfield tag="001">756236</controlfield>
  <controlfield tag="005">20251028101824.0</controlfield>
  <datafield tag="024" ind1="7" ind2=" ">
    <subfield code="2">HBZ</subfield>
    <subfield code="a">HT019995615</subfield>
  </datafield>
  <datafield tag="024" ind1="7" ind2=" ">
    <subfield code="2">Laufende Nummer</subfield>
    <subfield code="a">38074</subfield>
  </datafield>
  <datafield tag="024" ind1="7" ind2=" ">
    <subfield code="2">datacite_doi</subfield>
    <subfield code="a">10.18154/RWTH-2019-02321</subfield>
  </datafield>
  <datafield tag="037" ind1=" " ind2=" ">
    <subfield code="a">RWTH-2019-02321</subfield>
  </datafield>
  <datafield tag="041" ind1=" " ind2=" ">
    <subfield code="a">English</subfield>
  </datafield>
  <datafield tag="082" ind1=" " ind2=" ">
    <subfield code="a">004</subfield>
  </datafield>
  <datafield tag="100" ind1="1" ind2=" ">
    <subfield code="0">P:(DE-82)IDM01581</subfield>
    <subfield code="a">Bruintjes, Harold Yorick</subfield>
    <subfield code="b">0</subfield>
    <subfield code="u">rwth</subfield>
  </datafield>
  <datafield tag="245" ind1=" " ind2=" ">
    <subfield code="a">Model-based reliability analysis of aerospace systems</subfield>
    <subfield code="c">vorgelegt von Harold Y. Bruintjes, Master of Science</subfield>
    <subfield code="h">online</subfield>
  </datafield>
  <datafield tag="260" ind1=" " ind2=" ">
    <subfield code="a">Aachen</subfield>
    <subfield code="c">2018</subfield>
  </datafield>
  <datafield tag="260" ind1=" " ind2=" ">
    <subfield code="c">2019</subfield>
  </datafield>
  <datafield tag="300" ind1=" " ind2=" ">
    <subfield code="a">1 Online-Ressource (xii, 244 Seiten) : Illustrationen, Diagramme</subfield>
  </datafield>
  <datafield tag="336" ind1="7" ind2=" ">
    <subfield code="0">2</subfield>
    <subfield code="2">EndNote</subfield>
    <subfield code="a">Thesis</subfield>
  </datafield>
  <datafield tag="336" ind1="7" ind2=" ">
    <subfield code="0">PUB:(DE-HGF)11</subfield>
    <subfield code="2">PUB:(DE-HGF)</subfield>
    <subfield code="a">Dissertation / PhD Thesis</subfield>
    <subfield code="b">phd</subfield>
    <subfield code="m">phd</subfield>
  </datafield>
  <datafield tag="336" ind1="7" ind2=" ">
    <subfield code="2">BibTeX</subfield>
    <subfield code="a">PHDTHESIS</subfield>
  </datafield>
  <datafield tag="336" ind1="7" ind2=" ">
    <subfield code="2">DRIVER</subfield>
    <subfield code="a">doctoralThesis</subfield>
  </datafield>
  <datafield tag="336" ind1="7" ind2=" ">
    <subfield code="2">DataCite</subfield>
    <subfield code="a">Output Types/Dissertation</subfield>
  </datafield>
  <datafield tag="336" ind1="7" ind2=" ">
    <subfield code="2">ORCID</subfield>
    <subfield code="a">DISSERTATION</subfield>
  </datafield>
  <datafield tag="500" ind1=" " ind2=" ">
    <subfield code="a">Veröffentlicht auf dem Publikationsserver der RWTH Aachen University 2019</subfield>
  </datafield>
  <datafield tag="502" ind1=" " ind2=" ">
    <subfield code="a">Dissertation, RWTH Aachen University, 2018</subfield>
    <subfield code="b">Dissertation</subfield>
    <subfield code="c">RWTH Aachen University</subfield>
    <subfield code="d">2018</subfield>
    <subfield code="g">Fak01</subfield>
    <subfield code="o">2018-09-27</subfield>
  </datafield>
  <datafield tag="520" ind1="3" ind2=" ">
    <subfield code="a">Zur Sicherstellung von zuverlässigen und sicheren Systemen, trotz steigender Komplexität und hoher Nachfrage nach Leistungsfähigkeit, werden neuartige Ansätze zur modellbasierten System- und Anwendungsentwicklung im Bereich der Luft und Raumfahrt erarbeitet. Einer dieser Ansätze ist COMPASS. COMPASS bietet einen integrativen Ansatz zur Analyse von Korrektheit, Sicherheit und Leistungsfähigkeit im Luft- und Raumfahrtbereich und stellt eine Vielzahl von Funktionen mit Hilfe einer einzelnen Spezifikationssprache zur Verfügung. Die vorliegende Arbeit beginnt mit einer Beschreibung der verwendeten Modellierungssprache. Die Sprache SLIM, welche sich aus der Sprache AADL ableitet, erlaubt die Spezifikation und Integration von Nominal- und Fehlermodellen. Verschiedenste Abwandlungen werden im Detail erläutert. Im Anschluss hieran wird die Anforderungsspezifikation behandelt, wobei besonderes Augenmerk auf formale Darstellungen gelegt wird. Eine Taxonomie wird definiert, welche es erlaubt unterschiedliche Arten von Anforderungen zu klassifizieren. Anschließend werden verschiedene Ansätze zur Formalisierung von Anforderungen, speziell musterbasierte und auf Entwurfseigenschaften basierende, entwickelt. Letztere führen, zusammen mit der Taxonomie, zur Definition der CSSP, welche Anforderungsspezifikationen direkt im Systemmodell kodiert. Diesem folgt eine Beschreibung der Techniken zur statistischen Modellüberprüfung, welche es erlauben statisch—durch Simulation—das Ergebnis der Modellüberprüfung festzustellen. Im Kontext von COMPASS auftretende, semantische Probleme werden klassifiziert und Lösungswege aufgezeigt. Basierend hierauf wird ein Programm vorgestellt, welches dieses Wissen ausnutzt und von einer probabilistischen Einheit in COMPASS verwendet wird. Neben einer Vielzahl von Verbesserungen in COMPASS wurden auch seine Möglichkeiten und Architektur überholt. Zum Zeitpunkt dieser Arbeit stellt Version 3.0 den aktuellen Stand dar. Erweiterungen hierin beinhalten die Unterstützung von „Timed Failure Propagation Graphs“, nicht-deterministischen Modellen in probabilistischen Analysen, „Contract-Based Analysis“, sowie die neu entwickelte statistische Modellüberprüfung und Ansätze zur Formalisierung von Anforderungen. Schlussendlich wurden sowohl ein Demonstrator als eine Fallstudie erstellt, um COMPASS zugänglicher zu machen. Der Demonstrator verwendet hierbei eine auf SLIM basierende Spezifikation eines Satellitenmodells. Um dies zu erleichtern wird hierfür eine Übersetzung eines Simulink-Modells benutzt. Die vorgestellte Fallstudie basiert auf einer im Rahmen des Projekts durchgeführten Fallstudie und beschreibt Teile der Softwarearchitektur.</subfield>
    <subfield code="l">ger</subfield>
  </datafield>
  <datafield tag="520" ind1=" " ind2=" ">
    <subfield code="a">In order to provide reliable and safe systems in the aerospace domain, despite increased complexity and stronger demands on capabilities, new model-based system and software engineering approaches are being developed. One of which is COMPASS. COMPASS offers an integrated approach to the analysis of correctness, safety and performability of (aerospace) systems, providing a multitude of functions using a single input specification language. This thesis starts with describing the modeling language that is employed by the COMPASS toolset, both its syntax and semantics. Named SLIM, and derived from the AADL, it allows for the specification of nominal and error models, as well as their integration. Various modifications have been made since its first release, which are discussed in-depth. The specification of requirements is treated next, in particular using formal representations. A taxonomy is defined that allows requirements to be classified. Subsequently, different approaches to formalizing requirements are treated, in particular pattern-based and design-attribute based approaches. The latter, combined with the taxonomy, leads to the definition of the catalogue of system and software properties, which encodes requirement specifications directly in the system model. This is followed by a description of statistical model checking techniques. Such techniques allow for statistically determining, by means of simulation, outcomes for the model checking problem. In the setting of COMPASS, semantic issues may arise, which are classified and addressed. A tool making use of this knowledge is described, which is used as a probabilistic engine in the COMPASS toolset. As over the past years the COMPASS toolset has seen numerous enhancements, leading to its latest release—version 3.0. Therefore, its capabilities and architecture are revisited as well. New additions include the support for timed failure propagation graphs, on-deterministic models in probabilistic analysis, contract-based analysis, and the newly developed statistical model checking and requirement formalization approaches. Finally, to make the toolset more accessible, both a demonstrator and a case study have been constructed. The demonstrator deploys a SLIM-based specification on a LEGO® satellite model, making use of a Simulink translator to facilitate this. The case study is based on one performed for the CubETH project, describing part of its software architecture.</subfield>
    <subfield code="l">eng</subfield>
  </datafield>
  <datafield tag="588" ind1=" " ind2=" ">
    <subfield code="a">Dataset connected to Lobid/HBZ</subfield>
  </datafield>
  <datafield tag="591" ind1=" " ind2=" ">
    <subfield code="a">Germany</subfield>
  </datafield>
  <datafield tag="653" ind1=" " ind2="7">
    <subfield code="a">compass</subfield>
  </datafield>
  <datafield tag="653" ind1=" " ind2="7">
    <subfield code="a">model checking</subfield>
  </datafield>
  <datafield tag="653" ind1=" " ind2="7">
    <subfield code="a">reliability</subfield>
  </datafield>
  <datafield tag="700" ind1="1" ind2=" ">
    <subfield code="0">P:(DE-82)IDM00048</subfield>
    <subfield code="a">Katoen, Joost-Pieter</subfield>
    <subfield code="b">1</subfield>
    <subfield code="e">Thesis advisor</subfield>
    <subfield code="u">rwth</subfield>
  </datafield>
  <datafield tag="700" ind1="1" ind2=" ">
    <subfield code="0">P:(DE-82)023342</subfield>
    <subfield code="a">Cimatti, Alessandro</subfield>
    <subfield code="b">2</subfield>
    <subfield code="e">Thesis advisor</subfield>
  </datafield>
  <datafield tag="856" ind1="4" ind2=" ">
    <subfield code="u">http://publications.rwth-aachen.de/record/756236/files/756236.pdf</subfield>
    <subfield code="y">OpenAccess</subfield>
  </datafield>
  <datafield tag="856" ind1="4" ind2=" ">
    <subfield code="u">http://publications.rwth-aachen.de/record/756236/files/756236_source.zip</subfield>
    <subfield code="y">Restricted</subfield>
  </datafield>
  <datafield tag="856" ind1="4" ind2=" ">
    <subfield code="u">http://publications.rwth-aachen.de/record/756236/files/756236.gif?subformat=icon</subfield>
    <subfield code="x">icon</subfield>
    <subfield code="y">OpenAccess</subfield>
  </datafield>
  <datafield tag="856" ind1="4" ind2=" ">
    <subfield code="u">http://publications.rwth-aachen.de/record/756236/files/756236.jpg?subformat=icon-1440</subfield>
    <subfield code="x">icon-1440</subfield>
    <subfield code="y">OpenAccess</subfield>
  </datafield>
  <datafield tag="856" ind1="4" ind2=" ">
    <subfield code="u">http://publications.rwth-aachen.de/record/756236/files/756236.jpg?subformat=icon-180</subfield>
    <subfield code="x">icon-180</subfield>
    <subfield code="y">OpenAccess</subfield>
  </datafield>
  <datafield tag="856" ind1="4" ind2=" ">
    <subfield code="u">http://publications.rwth-aachen.de/record/756236/files/756236.jpg?subformat=icon-640</subfield>
    <subfield code="x">icon-640</subfield>
    <subfield code="y">OpenAccess</subfield>
  </datafield>
  <datafield tag="856" ind1="4" ind2=" ">
    <subfield code="u">http://publications.rwth-aachen.de/record/756236/files/756236.jpg?subformat=icon-700</subfield>
    <subfield code="x">icon-700</subfield>
    <subfield code="y">OpenAccess</subfield>
  </datafield>
  <datafield tag="909" ind1="C" ind2="O">
    <subfield code="o">oai:publications.rwth-aachen.de:756236</subfield>
    <subfield code="p">openaire</subfield>
    <subfield code="p">open_access</subfield>
    <subfield code="p">VDB</subfield>
    <subfield code="p">driver</subfield>
    <subfield code="p">dnbdelivery</subfield>
  </datafield>
  <datafield tag="910" ind1="1" ind2=" ">
    <subfield code="0">I:(DE-588b)36225-6</subfield>
    <subfield code="6">P:(DE-82)IDM01581</subfield>
    <subfield code="a">RWTH Aachen</subfield>
    <subfield code="b">0</subfield>
    <subfield code="k">RWTH</subfield>
  </datafield>
  <datafield tag="910" ind1="1" ind2=" ">
    <subfield code="0">I:(DE-588b)36225-6</subfield>
    <subfield code="6">P:(DE-82)IDM00048</subfield>
    <subfield code="a">RWTH Aachen</subfield>
    <subfield code="b">1</subfield>
    <subfield code="k">RWTH</subfield>
  </datafield>
  <datafield tag="914" ind1="1" ind2=" ">
    <subfield code="y">2018</subfield>
  </datafield>
  <datafield tag="915" ind1=" " ind2=" ">
    <subfield code="0">StatID:(DE-HGF)0510</subfield>
    <subfield code="2">StatID</subfield>
    <subfield code="a">OpenAccess</subfield>
  </datafield>
  <datafield tag="920" ind1="1" ind2=" ">
    <subfield code="0">I:(DE-82)121310_20140620</subfield>
    <subfield code="k">121310</subfield>
    <subfield code="l">Lehrstuhl für Informatik 2 (Softwaremodellierung und Verifikation)</subfield>
    <subfield code="x">0</subfield>
  </datafield>
  <datafield tag="920" ind1="1" ind2=" ">
    <subfield code="0">I:(DE-82)120000_20140620</subfield>
    <subfield code="k">120000</subfield>
    <subfield code="l">Fachgruppe Informatik</subfield>
    <subfield code="x">1</subfield>
  </datafield>
  <datafield tag="980" ind1="1" ind2=" ">
    <subfield code="a">FullTexts</subfield>
  </datafield>
  <datafield tag="980" ind1=" " ind2=" ">
    <subfield code="a">I:(DE-82)120000_20140620</subfield>
  </datafield>
  <datafield tag="980" ind1=" " ind2=" ">
    <subfield code="a">I:(DE-82)121310_20140620</subfield>
  </datafield>
  <datafield tag="980" ind1=" " ind2=" ">
    <subfield code="a">UNRESTRICTED</subfield>
  </datafield>
  <datafield tag="980" ind1=" " ind2=" ">
    <subfield code="a">VDB</subfield>
  </datafield>
  <datafield tag="980" ind1=" " ind2=" ">
    <subfield code="a">phd</subfield>
  </datafield>
</record>
</collection>